000 01725nam a2200253 a 4500
001 BS0003175
003 BR-BrBNA
005 20230418192235.0
008 230308b |||||||| |||| 00| 0 por d
040 _aBR-BrBNA
_bpor
_cBiblioteca Nacional de Agricultura
041 _apor
072 _aB59
090 _aB59 BS0003175
100 1 _aKardec, Allan.
245 1 _aO Livro dos Espíritos /
250 1 _a2. ed.
260 3 _aRio de Janeiro, RJ:
_bFederação Espírita Brasileira.,
_c2010.
300 _a698 p.
500 _aTítulo original: Le Livre des Esprits. Traduzido por Evandro Noleto Bezerra..
520 3 _aEsta Edição Especial da Federação Espírita Brasileira foi traduzida a partir da 2ª, respectivamente 4ª, 5ª, 6ª, 10ª edições francesas de O Livro dos Espíritos, com alguns acréscimos, supressões e modificações feitas por Allan Kardec ao longo das edições que se foram sucedendo, até a 12ª, que podemos considerar a edição definitiva do primeiro livro da Codificação Espírita, visto que as demais não sofreram qualquer alteração. O livro reúne os registros históricos relacionados com as publicações originais de O Livro dos Espíritos, com base no texto básico de 1860 e nas demais edições publicadas enquanto Kardec estava encarnado, de modo a atender aos naturais interesses dos leitores empenhados nos estudos cada vez mais aprofundados da Doutrina Espírita. A presente edição está sendo publicada como parte das homenagens que a FEB presta pelo lançamento da primeira edição de O Livro dos Espíritos, cujo sesquicentenário transcorre no dia 18 de abril de 2007.
650 _aESPIRITISMO
909 _a202304
_bSergio Santos
_c56
_dSergio Santos
942 _cBK
999 _c8237
_d8237